Plages du Pas-de-Calais - Statistiques

Statistiques générales
  • Ce quiz a été pris 11 fois
  • Le résultat moyen est 11 sur 21
Statistiques - réponses
Hint Réponse % Correct
4 Le Touquet-Paris-Plage
100%
1 (Plage la plus au sud) Berck
89%
19 Calais
89%
10 Boulogne-sur-Mer
67%
5 Camiers (Sainte-Cécile-Plage)
67%
11 Wimereux
67%
3 Cucq (Stella-Plage)
56%
9 Le Portel
56%
2 Merlimont
56%
6 Neufchâtel-Hardelot (Hardelot-Plage)
56%
16 Wissant
56%
12 Ambleteuse
44%
13 Audresselles
44%
8 Equihen-Plage
44%
17 Escalles
33%
20 Marck
33%
21 (plage la plus au nord) Oye-Plage
33%
14 Audinghen
22%
7 Saint-Etienne-au-Mont (Plage d'Ecault)
22%
18 Sangatte
22%
15 Tardinghen
22%
Aucun quiz correspondant
Distribution des résultats
% des personnes avec chaque résultat
Percentile par nombre de réponses
Votre historique - résultats
Vous n’avez pas pris ce quiz